000 00607nam a22001817a 4500
005 20231117065356.0
008 231117b |||||||| |||| 00| 0 eng d
020 _a9780702179044
041 _aEnglish
082 _a343.7 MAS
100 _aMasilo, P and Rautenbach, G
_lEnglish
245 _aCommentary on the Mine Health and Safety Act and Regulations /
_cP Masilo and G Rautenbach
250 _aFirst Edition
260 _aCape Town :
_bJuta and Company (Pty) Ltd,
_c2008
300 _bix, 69 pages ;
_c27 cm.
650 _aLegal practice
_bLaw
942 _cBK
_6ALISON_BN_VRIES
999 _c751
_d751